000 00961nam a2200205 a 4500
001 78655
003 BD-RjUL
005 20211209083146.0
008 211027s1959 ua ||||| |||| 001 | ara d
035 _a(BD-RjUL)78881
040 _aBD-RjUL
_beng
_cBD-RjUL
041 _aara
082 _223
_a946.03
_bMUF 1959
100 1 _aمؤنس، حسين، ;; Munis, Hussein
_d 1911-1996
_9249402
245 1 0 _aفجر الاندلس : دراسة في تاريخ الاندلس من الفتح الاسلامي الى قيام الدولة الاموية (٧١١ - ٧٥٦م) ;; fajr aliandilas : dirasat fi tarikh alandls min alfath alaslamii alaa qiam aldawlat alamawia (711 - 756m)/
_cحسين مؤنس ';; Hussein Munis
260 _aالقاهرة :
_bالعصر الحديث للنشر والتوزيع،;; aleasr alhadith lilnashr waltawziei,
_c1959
300 _a736 p :
_bill. ; map ;
_c22 cm
650 _aSpain
_vHistory
_y 711-1516.
_9249403
942 _2ddc
_cBK
999 _c78655
_d78655